| 000 | 00377nam a22001337a 4500 | ||
|---|---|---|---|
| 040 | _cNUST | ||
| 082 |
_a629.892 _bCRA'I |
||
| 100 |
_aJohn J. Craig _9124585 |
||
| 245 | _aIntroduction to Robotics Mechanics and Control | ||
| 250 | _aSecond edition | ||
| 260 |
_aNew York: _bAddison Wesley, _c1986 |
||
| 650 | _2Introduction to Robotics Mechanics and Control | ||
| 942 |
_2ddc _cBK |
||
| 999 |
_c611899 _d611899 |
||